Potential outcome and directed acyclic graph approaches to causality: Relevance for empirical practice in economics (Record no. 518219)

000 -LEADER
fixed length control field 01319nam a22001577a 4500
008 - FIXED-LENGTH DATA ELEMENTS--GENERAL INFORMATION
fixed length control field 210830b ||||| |||| 00| 0 eng d
100 ## - MAIN ENTRY--PERSONAL NAME
Personal name Imbens, Guido W.
245 ## - TITLE STATEMENT
Title Potential outcome and directed acyclic graph approaches to causality: Relevance for empirical practice in economics
260 ## - PUBLICATION, DISTRIBUTION, ETC. (IMPRINT)
Place of publication, distribution, etc Journal of Economic Literature
300 ## - PHYSICAL DESCRIPTION
Extent 58(4), Dec, 2020: p.1129-1179
520 ## - SUMMARY, ETC.
Summary, etc In this essay I discuss potential outcome and graphical approaches to causality, and their relevance for empirical work in economics. I review some of the work on directed acyclic graphs, including the recent The Book of Why (Pearl and Mackenzie 2018). I also discuss the potential outcome framework developed by Rubin and coauthors (e.g., Rubin 2006), building on work by Neyman (1990 [1923]). I then discuss the relative merits of these approaches for empirical work in economics, focusing on the questions each framework answers well, and why much of the the work in economics is closer in spirit to the potential outcome perspective. – Reproduced
650 ## - SUBJECT ADDED ENTRY--TOPICAL TERM
Topical term or geographic name as entry element Multiple or Simultaneous Equation Models, Cross-Sectional Models; Spatial Models; Treatment Effect Models; Quantile Regressions; Social Interaction Models
9 (RLIN) 28686
773 ## - HOST ITEM ENTRY
Main entry heading Journal of Economic Literature
906 ## - LOCAL DATA ELEMENT F, LDF (RLIN)
Subject DIP ECONOMICS
942 ## - ADDED ENTRY ELEMENTS (KOHA)
Item type Articles
Holdings
Withdrawn status Lost status Source of classification or shelving scheme Damaged status Not for loan Permanent location Current location Date acquired Serial Enumeration / chronology Barcode Date last seen Koha item type
          Indian Institute of Public Administration Indian Institute of Public Administration 2021-08-30 58(4), Dec, 2020: p.1129-1179 AR125403 2021-08-30 Articles

Powered by Koha